Damming the Three Gorges : (Record no. 18480)
[ view plain ]
| 000 -LEADER | |
|---|---|
| fixed length control field | 00682cam a2200217Ia 4500 |
| 020 ## - INTERNATIONAL STANDARD BOOK NUMBER | |
| ISBN | 0919849180 (Canada) |
| 020 ## - INTERNATIONAL STANDARD BOOK NUMBER | |
| ISBN | 9780919849181 (Canada) |
| 020 ## - INTERNATIONAL STANDARD BOOK NUMBER | |
| ISBN | 1853831867 (U.K.) |
| 020 ## - INTERNATIONAL STANDARD BOOK NUMBER | |
| ISBN | 9781853831867 (U.K.) |
| 040 ## - CATALOGING SOURCE | |
| Transcribing agency | DGU |
| 082 04 - DEWEY DECIMAL CLASSIFICATION NUMBER | |
| Classification number | 627 EAR 1993 C146 Or. |
| 082 04 - DEWEY DECIMAL CLASSIFICATION NUMBER | |
| Classification number | 351.86709512 |
| 245 00 - TITLE STATEMENT | |
| Title | Damming the Three Gorges : |
| Remainder of title | what dam builders don't want you to know : a critique of the Three Gorges water control project feasibility study / |
| 250 ## - EDITION STATEMENT | |
| Edition statement | 2nd ed. |
| 260 ## - PUBLICATION, DISTRIBUTION, ETC. (IMPRINT) | |
| Place of publication | London : |
| Name of publisher | Earthscan, |
| Year of publication | c1993. |
| 300 ## - PHYSICAL DESCRIPTION | |
| Number of Pages | xxiii, 183 p. : |
| Other physical details | iii, maps ; |
| Dimensions | 22 cm. |
| 650 #0 - SUBJECT ADDED ENTRY--TOPICAL TERM | |
| Topical Term | Dams |
| 700 1# - ADDED ENTRY--PERSONAL NAME | |
| Personal name | Barber, Margaret. |
| 700 1# - ADDED ENTRY--PERSONAL NAME | |
| Personal name | Ryder, Gr©Łinne. |
| 942 ## - ADDED ENTRY ELEMENTS (KOHA) | |
| Koha item type | ADB |
| 952 ## - LOCATION AND ITEM INFORMATION (KOHA) | |
| Withdrawn status [LOCAL, KOHA] | 0 |
| Source of acquisition | Permanent Location | Date acquired | Koha item type | Lost status | Shelving location | Current Location | Full call number |
|---|---|---|---|---|---|---|---|
| a39446 | Library Block C | 2019-12-09 | សៀវភៅភាសាអង់គ្លេស | C146 | Library Block C | 627 EAR 1993 C146 Or. |